music trivia: 1955 songs and artists - Statistics

General Stats
  • This quiz has been taken 75 times
    61 since last reset
  • The average score is 7 of 15
Answer Stats
1955 songs coresponding artists % Correct
Tutti Frutti Little Richard
98%
Rock Around the Clock Bill Haley and his Comets
88%
Ain't That a Shame Fats Domino or Pat Boone
74%
Love and Marriage Frank Sinatra
71%
Bo Diddley Bo Diddley
69%
Maybelline Chuck Berry
64%
Great Pretender The Platters
60%
Sixteen Tons Tennessee Ernie Ford, Johnny Desmond, The Weavers, Red Sovine, B.B. King, Larry Cross or Frankie Laine
52%
Baby Let's Play House Elvis Presley
26%
Cry, Cry, Cry Johnny Cash
26%
Mannish Boy Muddy Waters
21%
Flip, Flop and Fly Big Joe Turner
17%
Learning the Blues Frank Sinatra
17%
Tweedlee Dee LaVern Baker
14%
A Blossom Fell Nat King Cole
12%
No matching quizzes found
Score Distribution
Percent of People with Each Score
Percentile by Number Answered
Your Score History
You have not taken this quiz since the last reset